[Event "Denizli op"]
[Site "Denizli"]
[Date "2025.07.13"]
[Round "9"]
[White "Agibileg, Uurtsaikh"]
[Black "Faizrakhmanov, Ramil"]
[Result "1-0"]
[WhiteElo "2380"]
[BlackElo "2426"]
[PlyCount "129"]
[EventDate "2025.07.07"]
[EventType "swiss"]
[EventRounds "9"]
[EventCountry "TUR"]
[SourceTitle "CB29_2025"]
[SourceDate "2025.07.16"]
[SourceVersion "1"]
[SourceVersionDate "2025.07.16"]
[SourceQuality "1"]

1. d4 Nf6 2. c4 e6 3. Nc3 Bb4 4. Qc2 0-0 5. e4 d5 6. e5 Ne4 7. Bd3 c5 8. Nf3 cxd4 9. Nxd4 Nd7 10. Bf4 Ndc5 11. 0-0 Bxc3 12. bxc3 Nxd3 13. Qxd3 b6 14. cxd5 Qxd5 15. Rfd1 Bb7 16. c4 Qa5 17. Nb3 Qa4 18. f3 Nc5 19. Nxc5 bxc5 20. Qb3 Bc6 21. Be3 Qa5 22. Rd6 Rab8 23. Qd3 Rfc8 24. h4 h5 25. Bd2 Qa4 26. Bc3 Bb7 27. f4 Ba6 28. f5 Qxc4 29. Qg3 Bb5 30. Rad1 Re8 31. f6 Qg4 32. Qf2 gxf6 33. exf6 Kh7 34. Re1 Rbd8 35. Rxd8 Rxd8 36. Re5 Bd3 37. Rg5 Qd1+ 38. Kh2 Bg6 39. Be5 Rd5 40. Qg3 Rd3 41. Qf2 Qa4 42. Bg3 Qd4 43. Qe2 Re3 44. Qb5 e5 45. Qb8 Rxg3 46. Rxg3 Qxh4+ 47. Rh3 Qxf6 48. Qxa7 Qf4+ 49. Kg1 Qd4+ 50. Kh2 e4 51. Qa3 c4 52. Qg3 Qd2 53. a3 Qd5 54. Qf4 Qc5 55. Rc3 f5 56. a4 Bf7 57. Kh1 Qa5 58. Rg3 c3 59. Qc1 c2 60. Qxc2 Qe1+ 61. Kh2 f4 62. Rh3 Kh6 63. Qc7 Bg6 64. Qxf4+ Kh7 65. Rb3 1-0

[Event "Denizli op"]
[Site "Denizli"]
[Date "2025.07.10"]
[Round "5"]
[White "Zakirov, Musa"]
[Black "Faizrakhmanov, Ramil"]
[Result "0-1"]
[WhiteElo "2209"]
[BlackElo "2426"]
[PlyCount "97"]
[EventDate "2025.07.07"]
[EventType "swiss"]
[EventRounds "9"]
[EventCountry "TUR"]
[SourceTitle "CB29_2025"]
[SourceDate "2025.07.16"]
[SourceVersion "1"]
[SourceVersionDate "2025.07.16"]
[SourceQuality "1"]

1. e4 c6 2. d4 d5 3. exd5 cxd5 4. Bd3 Nc6 5. c3 Nf6 6. h3 e5 7. dxe5 Nxe5 8. Nf3 Nxd3+ 9. Qxd3 Bd6 10. 0-0 0-0 11. Be3 Be6 12. Nbd2 Qd7 13. Qd4 Rfe8 14. Bf4 Bf8 15. Rfe1 Qb5 16. a4 Qxb2 17. Reb1 Qc2 18. Rc1 Qg6 19. Ne5 Qh5 20. Re1 Nd7 21. Ndf3 f6 22. Nxd7 Bxd7 23. Rxe8 Bxe8 24. a5 Bd7 25. Rd1 Bc6 26. a6 Qf7 27. Ra1 bxa6 28. Rxa6 Qb7 29. Ra5 Bb5 30. Qe3 a6 31. Nd4 Bc4 32. Qe6+ Qf7 33. Qc6 Qe8 34. Qe6+ Qxe6 35. Nxe6 Be7 36. Nc7 Rd8 37. Ne6 Rc8 38. Be3 Kf7 39. Nc5 Rc6 40. Bd4 Bb5 41. Nb3 Rc4 42. Ra2 Ra4 43. Rb2 Bd6 44. f3 Bg3 45. Bf2 Be5 46. Bd4 Rc4 47. Kf2 Kg6 48. g4 h5 49. Ke3 0-1

[Event "Denizli op"]
[Site "Denizli"]
[Date "2025.07.07"]
[Round "1"]
[White "Eminov, Orkhan"]
[Black "Faizrakhmanov, Ramil"]
[Result "0-1"]
[WhiteElo "2239"]
[BlackElo "2426"]
[PlyCount "102"]
[EventDate "2025.07.07"]
[EventType "swiss"]
[EventRounds "9"]
[EventCountry "TUR"]
[SourceTitle "CB29_2025"]
[SourceDate "2025.07.16"]
[SourceVersion "1"]
[SourceVersionDate "2025.07.16"]
[SourceQuality "1"]

1. e4 c5 2. Nf3 d6 3. Bb5+ Nd7 4. d4 cxd4 5. Qxd4 a6 6. Bxd7+ Bxd7 7. Bg5 Nf6 8. Nc3 Bc6 9. 0-0-0 e6 10. Nd5 exd5 11. exd5 Bd7 12. Rhe1+ Be7 13. Bxf6 gxf6 14. Ng5 Kf8 15. Rd3 h6 16. Nf3 Qa5 17. Rxe7 Kxe7 18. Re3+ Kf8 19. Qxf6 Rh7 20. Qxd6+ Kg8 21. Qxd7 Qxa2 22. Re8+ Rxe8 23. Qxe8+ Kg7 24. Qe5+ Kg8 25. Qe8+ Kg7 26. d6 Qa1+ 27. Kd2 Qa5+ 28. Kc1 Qa1+ 29. Kd2 Qa5+ 30. Kc1 Qa1+ 31. Kd2 Qa5+ 32. Ke3 Rh8 33. d7 Qd8 34. Qe5+ Qf6 35. Qg3+ Kh7 36. Ne5 Rd8 37. f4 Qf5 38. Qh4 f6 39. Kf3 Kg7 40. Qg3+ Kf8 41. Qh4 Ke7 42. Nd3 h5 43. Qe1+ Kf7 44. h3 Rxd7 45. g4 Qd5+ 46. Kg3 Re7 47. Qf2 hxg4 48. hxg4 Qe4 49. f5 Qe2 50. Qf4 Qxc2 51. Nf2 Qc7 0-1

[Event "Ankara Baskent Univ op 8th"]
[Site "Ankara"]
[Date "2025.07.06"]
[Round "9"]
[White "Faizrakhmanov, Ramil"]
[Black "Haznedaroglu, Kivanc"]
[Result "1-0"]
[WhiteElo "2426"]
[BlackElo "2328"]
[PlyCount "67"]
[EventDate "2025.07.01"]
[EventType "swiss"]
[EventRounds "9"]
[EventCountry "TUR"]
[SourceTitle "CB28_2025"]
[SourceDate "2025.07.09"]
[SourceVersion "1"]
[SourceVersionDate "2025.07.09"]
[SourceQuality "1"]

1. d4 Nf6 2. c4 e6 3. Nf3 d5 4. Nc3 Be7 5. Bf4 c6 6. e3 Nbd7 7. Bd3 0-0 8. 0-0 dxc4 9. Bxc4 b5 10. Bd3 Bb7 11. Rc1 Rc8 12. Ne5 a6 13. a4 b4 14. Ne4 Nxe4 15. Bxe4 Nxe5 16. Bxe5 Qd7 17. Qc2 c5 18. Bxh7+ Kh8 19. Bd3 Qd5 20. e4 Qd7 21. d5 exd5 22. exd5 Qxd5 23. f4 Rcd8 24. Rf3 Bc8 25. Qe2 Kg8 26. Rg3 f6 27. Bc4 Rf7 28. Bxd5 Rxd5 29. Bc7 Bf8 30. Bb6 Bf5 31. Re3 Rfd7 32. Re8 Kf7 33. Re1 Bd6 34. Qh5+ 1-0

[Event "Ankara Baskent Univ op 8th"]
[Site "Ankara"]
[Date "2025.07.04"]
[Round "6"]
[White "Topuz, Mirac Melih"]
[Black "Faizrakhmanov, Ramil"]
[Result "0-1"]
[WhiteElo "2090"]
[BlackElo "2426"]
[PlyCount "46"]
[EventDate "2025.07.01"]
[EventType "swiss"]
[EventRounds "9"]
[EventCountry "TUR"]
[SourceTitle "CB28_2025"]
[SourceDate "2025.07.09"]
[SourceVersion "1"]
[SourceVersionDate "2025.07.09"]
[SourceQuality "1"]

1. d4 Nf6 2. c4 e6 3. g3 d5 4. Bg2 Bb4+ 5. Nd2 0-0 6. Ngf3 b6 7. 0-0 Bb7 8. cxd5 exd5 9. a3 Be7 10. b4 a5 11. Rb1 axb4 12. axb4 Nc6 13. b5 Nb4 14. Qb3 Ra5 15. Ba3 Rxb5 16. Rfc1 c5 17. Qd1 Bd6 18. Nh4 Qd7 19. Qf1 Ra8 20. Bh3 Qe8 21. Nf5 Bf8 22. Bb2 c4 23. Bc3 Na2 0-1

[Event "Cesme op-A 11th"]
[Site "Izmir"]
[Date "2025.06.27"]
[Round "7"]
[White "Avsar, Gediz"]
[Black "Faizrakhmanov, Ramil"]
[Result "1-0"]
[WhiteElo "2156"]
[BlackElo "2426"]
[PlyCount "115"]
[EventDate "2025.06.23"]
[EventType "swiss"]
[EventRounds "9"]
[EventCountry "TUR"]
[SourceTitle "CB27_2025"]
[SourceDate "2025.07.02"]
[SourceVersion "1"]
[SourceVersionDate "2025.07.02"]
[SourceQuality "1"]

1. e4 c5 2. Nf3 d6 3. Bb5+ Nd7 4. 0-0 a6 5. Bd3 Ngf6 6. c3 b5 7. Bc2 Bb7 8. Re1 c4 9. a4 e6 10. d4 cxd3 11. Qxd3 Nc5 12. Qe2 bxa4 13. Be3 Nfd7 14. Bd4 e5 15. Bxc5 Nxc5 16. c4 g6 17. Nc3 Bg7 18. Bxa4+ Nxa4 19. Rxa4 0-0 20. Rd1 Bc6 21. Raa1 Qb8 22. Nd5 Ra7 23. h4 h6 24. h5 Kh7 25. Nh4 Bd7 26. Qf3 Qd8 27. Qg3 Qg5 28. hxg6+ fxg6 29. Qxg5 hxg5 30. Nf3 g4 31. Ne1 Rb7 32. b4 Rc8 33. Rdc1 Be6 34. Ra4 Bxd5 35. exd5 e4 36. c5 Bd4 37. Nc2 Bxc5 38. bxc5 Rxc5 39. Rxa6 Rbc7 40. Rc6 R7xc6 41. dxc6 Rxc6 42. Kf1 d5 43. Ke2 d4 44. Kd2 Rf6 45. Rf1 e3+ 46. Ke2 exf2 47. Nxd4 g3 48. Ke3 Kh6 49. Ne2 Kg5 50. Nxg3 Kg4 51. Rxf2 Re6+ 52. Ne4 g5 53. Rf3 Re7 54. Kd4 Rd7+ 55. Ke5 Re7+ 56. Kd5 Rd7+ 57. Ke6 Ra7 58. Nf6+ 1-0

[Event "RUS-chT2"]
[Site "Sochi"]
[Date "2025.04.30"]
[Round "5.1"]
[White "Rozum, Ivan"]
[Black "Faizrakhmanov, Ramil"]
[Result "1/2-1/2"]
[WhiteElo "2439"]
[BlackElo "2420"]
[PlyCount "43"]
[EventDate "2025.04.26"]
[EventType "team-swiss"]
[EventRounds "9"]
[EventCountry "RUS"]
[SourceTitle "CB19_2025"]
[SourceDate "2025.05.07"]
[SourceVersion "1"]
[SourceVersionDate "2025.05.07"]
[SourceQuality "1"]
[WhiteTeam "Moscow Formula Shakhmat"]
[BlackTeam "Tatarstan"]
[WhiteTeamCountry "RUS"]
[BlackTeamCountry "RUS"]

1. d4 Nf6 2. c4 e6 3. Nf3 d5 4. g3 Bb4+ 5. Bd2 Be7 6. Bg2 0-0 7. 0-0 c6 8. Qc2 Nbd7 9. b3 b6 10. Nc3 Ba6 11. e4 dxc4 12. Rfe1 Re8 13. e5 Nd5 14. bxc4 Bxc4 15. Ne4 b5 16. Bg5 h6 17. Bxe7 Qxe7 18. Nd6 Red8 19. Nxc4 bxc4 20. Qxc4 c5 21. dxc5 Qxc5 22. Nd2 1/2-1/2

[Event "RUS-chT2"]
[Site "Sochi"]
[Date "2025.04.28"]
[Round "3.1"]
[White "Rychkov, Oleg"]
[Black "Faizrakhmanov, Ramil"]
[Result "1/2-1/2"]
[WhiteElo "2379"]
[BlackElo "2420"]
[PlyCount "102"]
[EventDate "2025.04.26"]
[EventType "team-swiss"]
[EventRounds "9"]
[EventCountry "RUS"]
[SourceTitle "CB19_2025"]
[SourceDate "2025.05.07"]
[SourceVersion "1"]
[SourceVersionDate "2025.05.07"]
[SourceQuality "1"]
[WhiteTeam "Sutormina Center"]
[BlackTeam "Tatarstan"]
[WhiteTeamCountry "RUS"]
[BlackTeamCountry "RUS"]

1. d4 Nf6 2. c4 e6 3. Nc3 Bb4 4. a3 Bxc3+ 5. bxc3 0-0 6. f3 Nc6 7. e4 d6 8. h4 Nd7 9. h5 Na5 10. h6 g6 11. Bd3 b6 12. f4 Ba6 13. Ra2 c5 14. Nf3 Bxc4 15. Rf2 Rc8 16. 0-0 Bxd3 17. Qxd3 cxd4 18. cxd4 Qc7 19. Ng5 Qc4 20. Qh3 f5 21. g4 Rce8 22. Bb2 Qb3 23. Qg2 fxe4 24. f5 e3 25. Re2 Qd5 26. Nxe6 Qxg2+ 27. Kxg2 Rf7 28. d5 Nc4 29. Bd4 Nde5 30. Kg3 Rf6 31. Bxe3 Nxe3 32. Rxe3 gxf5 33. gxf5 Rxh6 34. Rc3 Nd7 35. Rc7 Nf6 36. Rg1 Nxd5 37. Kf3+ Kh8 38. Rxa7 Rf6 39. Nd4 Re3+ 40. Kf2 h5 41. Rg5 Re4 42. Rxh5+ Kg8 43. Rg5+ Kf8 44. Ra8+ Re8 45. Rxe8+ Kxe8 46. Kf3 Rh6 47. Nb5 Kf7 48. Rg1 Kf6 49. Ke4 Ne7 50. Nxd6 Rh4+ 51. Kd3 Nxf5 1/2-1/2

[Event "Titled Tuesday intern op 01st Apr Late"]
[Site "Chess.com INT"]
[Date "2025.04.01"]
[Round "2"]
[White "Krzywda, Andrzej"]
[Black "Faizrakhmanov, Ramil"]
[Result "0-1"]
[WhiteElo "2170"]
[BlackElo "2420"]
[PlyCount "118"]
[EventDate "2025.04.01"]
[EventType "swiss (blitz)"]
[EventRounds "11"]
[EventCountry "USA"]
[SourceTitle "CB21_2025"]
[SourceDate "2025.05.21"]
[SourceVersion "1"]
[SourceVersionDate "2025.05.21"]
[SourceQuality "1"]

1. e4 c6 2. d4 d5 3. e5 Bf5 4. h4 h5 5. Bd3 Bxd3 6. Qxd3 e6 7. Nf3 Qa5+ 8. c3 Qa6 9. Qe3 Ne7 10. Nbd2 Nf5 11. Qf4 c5 12. g4 hxg4 13. Qxg4 Nc6 14. Nb3 cxd4 15. Nbxd4 Nfxd4 16. Nxd4 Nxe5 17. Qe2 Qxe2+ 18. Kxe2 Bc5 19. Nb3 Bb6 20. h5 f6 21. h6 Kf7 22. Nd4 Bxd4 23. cxd4 Ng4 24. h7 Rac8 25. f3 Rc2+ 26. Bd2 Nh6 27. Kd3 Rxb2 28. Bxh6 gxh6 29. Rxh6 Kg7 30. Rh3 Rb6 31. Rg1+ Kf7 32. Rh6 e5 33. Rgg6 exd4 34. Kxd4 Rxh7 35. Rxf6+ Rxf6 36. Rxh7+ Ke6 37. Rxb7 Rf4+ 38. Ke3 Ra4 39. Rb2 Ke5 40. Kd3 Ra3+ 41. Ke2 a5 42. Kf2 Kf4 43. Ke2 Re3+ 44. Kd2 Rxf3 45. Rb5 Ke4 46. Rxa5 Rf2+ 47. Ke1 Rb2 48. Ra8 d4 49. a4 Ra2 50. a5 Ke3 51. Kf1 Ra1+ 52. Kg2 d3 53. a6 d2 54. Re8+ Kf4 55. Rd8 d1Q 56. Rxd1 Rxd1 57. a7 Ra1 58. Kh3 Rxa7 59. Kh4 Rh7# 0-1

[Event "Moscow Ivi GP op"]
[Site "Moscow"]
[Date "2025.03.12"]
[Round "8"]
[White "Faizrakhmanov, Ramil"]
[Black "Afanasiev, Nikita"]
[Result "1/2-1/2"]
[WhiteElo "2420"]
[BlackElo "2518"]
[PlyCount "149"]
[EventDate "2025.03.08"]
[EventType "swiss"]
[EventRounds "10"]
[EventCountry "RUS"]
[SourceTitle "CB12_2025"]
[SourceDate "2025.03.19"]
[SourceVersion "1"]
[SourceVersionDate "2025.03.19"]
[SourceQuality "1"]

1. e4 e6 2. d4 d5 3. e5 c5 4. c3 Nc6 5. Nf3 Nge7 6. Na3 Bd7 7. Be2 cxd4 8. cxd4 Nf5 9. Nc2 Be7 10. g4 Nh4 11. Nxh4 Bxh4 12. 0-0 f6 13. f4 fxe5 14. fxe5 Be7 15. Be3 Qb6 16. Rb1 0-0-0 17. b4 Rdf8 18. a3 Rxf1+ 19. Qxf1 Rf8 20. Qh3 h6 21. Rf1 Rxf1+ 22. Qxf1 Nd8 23. b5 Qa5 24. Qb1 Qc3 25. Bf2 Bg5 26. a4 Be8 27. Ne1 Qc1 28. Qxc1+ Bxc1 29. Nd3 Bd2 30. Nc5 b6 31. Nb3 Bf4 32. Bd3 a6 33. Be1 axb5 34. axb5 h5 35. h3 hxg4 36. hxg4 Nf7 37. Kg2 Bh6 38. Kg3 Ng5 39. Bb4 Ne4+ 40. Kg2 Bg6 41. Be7 Kd7 42. Bh4 Be3 43. Be1 Bh7 44. Bb4 Ke8 45. Kf3 Bg5 46. Kg2 Bg6 47. Kf3 Kf7 48. Kg2 Ke8 49. Kf3 Be7 50. Bxe7 Kxe7 51. Ke3 Be8 52. Bxe4 dxe4 53. Nd2 Bxb5 54. Nxe4 Bc6 55. Nd6 b5 56. g5 b4 57. Kd3 Bd5 58. Kc2 Kd7 59. Kb2 g6 60. Nf7 Kc6 61. Nd6 Kb6 62. Nc8+ Kb5 63. Nd6+ Ka4 64. Nc8 Bf3 65. Ne7 Be4 66. d5 exd5 67. e6 d4 68. Nc8 d3 69. e7 Bc6 70. Nd6 b3 71. Nc4 Kb4 72. Ne5 Be8 73. Nxd3+ Kc4 74. Ne5+ Kd5 75. Nxg6 1/2-1/2

[Event "Moscow Ivi GP op"]
[Site "Moscow"]
[Date "2025.03.11"]
[Round "6"]
[White "Bardyk, Artem"]
[Black "Faizrakhmanov, Ramil"]
[Result "0-1"]
[WhiteElo "2257"]
[BlackElo "2420"]
[PlyCount "150"]
[EventDate "2025.03.08"]
[EventType "swiss"]
[EventRounds "10"]
[EventCountry "RUS"]
[SourceTitle "CB12_2025"]
[SourceDate "2025.03.19"]
[SourceVersion "1"]
[SourceVersionDate "2025.03.19"]
[SourceQuality "1"]

1. e4 c5 2. Nf3 d6 3. d4 cxd4 4. Nxd4 Nf6 5. Nc3 a6 6. Bc4 e6 7. Be3 Be7 8. Qe2 0-0 9. Bb3 b5 10. a3 Bd7 11. g4 Nc6 12. g5 Ne8 13. h4 Na5 14. Ba2 Rc8 15. Rg1 Nc4 16. Bxc4 Rxc4 17. h5 Qc7 18. Qd2 Qb7 19. h6 g6 20. Nb3 Qc7 21. Qd3 Qb8 22. a4 Rc7 23. axb5 axb5 24. e5 dxe5 25. Qe4 Rc4 26. Qa8 Qxa8 27. Rxa8 b4 28. Na5 Rc7 29. Ne4 Rxc2 30. Ra7 Rc7 31. Rg3 Rxa7 32. Bxa7 f5 33. Bc5 Kf7 34. Nc4 Bxc5 35. Nxc5 Bb5 36. Nxe5+ Ke7 37. Ncd3 Nc7 38. Nxb4 f4 39. Rc3 Kd6 40. Ng4 Nd5 41. Nxd5 exd5 42. Nf6 Rf7 43. f3 Re7+ 44. Kf2 d4 45. Rc8 Re2+ 46. Kg1 d3 47. Rd8+ Ke7 48. Rd4 d2 49. Nd5+ Ke8 50. Nc3 Re5 51. Ne4 Bc6 52. Nxd2 Rxg5+ 53. Kf2 Rh5 54. Rxf4 Rxh6 55. b4 Rh1 56. Nc4 Ke7 57. Rd4 Rh5 58. Ke3 Rf5 59. f4 Rb5 60. Ne5 Bd5 61. Rd2 Ke6 62. Nd3 Kf5 63. Nc5 Bc4 64. Rd7 h5 65. Ne4 Rxb4 66. Nd6+ Ke6 67. Rb7 Rxb7 68. Nxb7 Bd5 69. Nc5+ Kf5 70. Nd3 h4 71. Nf2 Bg2 72. Nd1 Kg4 73. Kf2 Bf3 74. Nb2 h3 75. Kg1 Kg3 0-1

[Event "Moscow Aeroflot op-A"]
[Site "Moscow"]
[Date "2025.03.03"]
[Round "5"]
[White "Plyasunov, Daniil"]
[Black "Faizrakhmanov, Ramil"]
[Result "0-1"]
[WhiteElo "2300"]
[BlackElo "2420"]
[PlyCount "124"]
[EventDate "2025.03.01"]
[EventType "swiss"]
[EventRounds "9"]
[EventCountry "RUS"]
[SourceTitle "CB11_2025"]
[SourceDate "2025.03.12"]
[SourceVersion "1"]
[SourceVersionDate "2025.03.12"]
[SourceQuality "1"]

1. e4 c5 2. Nf3 d6 3. Bb5+ Nd7 4. 0-0 a6 5. Bd3 Ngf6 6. c3 b5 7. Bc2 Bb7 8. Re1 c4 9. a4 e6 10. d4 cxd3 11. Qxd3 Nc5 12. Qe2 bxa4 13. Be3 Ncd7 14. Rxa4 Be7 15. Nbd2 0-0 16. h3 Nc5 17. Bxc5 dxc5 18. Rea1 Ne8 19. Nc4 Rb8 20. Na5 Ba8 21. R4a2 Nc7 22. Ne5 Qe8 23. c4 Bf6 24. Ba4 Qc8 25. Nd7 Bd4 26. Nxb8 Qxb8 27. Nc6 Bxc6 28. Bxc6 Qb6 29. Ba4 e5 30. Bd7 g6 31. Bg4 Kg7 32. Qc2 Rb8 33. h4 h5 34. Bh3 Qc6 35. g3 Rb6 36. Rf1 Ne8 37. Bg2 Qb7 38. Rd1 Rb4 39. Rb1 Nd6 40. Ra4 Nxc4 41. b3 Nd6 42. Rxb4 Qxb4 43. Bf1 Nxe4 44. Bxa6 Bxf2+ 45. Kg2 Bxg3 46. Bd3 Nd2 47. Kxg3 Qg4+ 48. Kf2 Qxh4+ 49. Ke2 Nxb1 50. Qxb1 Qh2+ 51. Ke1 h4 52. Bf1 Qg3+ 53. Ke2 f5 54. Qa1 Qg4+ 55. Kd2 Qd4+ 56. Qxd4 exd4 57. Kd3 g5 58. Kc4 g4 59. Kxc5 d3 60. Bxd3 g3 61. Bf1 f4 62. Kd4 f3 0-1

[Event "RUS-chT Blitz"]
[Site "Sochi"]
[Date "2024.10.17"]
[Round "6.8"]
[White "Faizrakhmanov, Ramil"]
[Black "Ivanov, Maxim1"]
[Result "1-0"]
[WhiteElo "2424"]
[BlackElo "2037"]
[PlyCount "119"]
[EventDate "2024.10.17"]
[EventType "team-swiss (blitz)"]
[EventRounds "11"]
[EventCountry "RUS"]
[SourceTitle "CB43_2024"]
[Source "Chessbase"]
[SourceDate "2024.10.23"]
[SourceVersion "1"]
[SourceVersionDate "2024.10.23"]
[SourceQuality "1"]
[WhiteTeam "Tatarstan"]
[BlackTeam "Krym Kimmeriya"]
[WhiteTeamCountry "RUS"]
[BlackTeamCountry "RUS"]

1. e4 e6 2. d4 d5 3. e5 c5 4. c3 Nc6 5. Nf3 Bd7 6. a3 f6 7. Bd3 Qc7 8. exf6 gxf6 9. 0-0 0-0-0 10. b4 c4 11. Bc2 Bd6 12. b5 Na5 13. a4 h5 14. Ba3 h4 15. Re1 Nh6 16. Bxd6 Qxd6 17. Nbd2 Nf7 18. Nf1 Rdg8 19. Kh1 Ng5 20. Nxg5 Rxg5 21. h3 e5 22. Ne3 e4 23. Rf1 Rhg8 24. Qe2 Qf4 25. f3 Qg3 26. f4 R5g7 27. f5 Be8 28. Qf2 Qd6 29. Qf4 Qd8 30. Qxh4 Rg3 31. Rae1 Bf7 32. Rf4 R3g5 33. Rg4 Rh5 34. Qg3 Rgh8 35. Kh2 b6 36. Rg7 Qd7 37. Rf1 Nb7 38. Ng4 Qe7 39. Ne3 Qd7 40. Rf4 R5h7 41. Rfg4 Nd6 42. Rxh7 Rxh7 43. Rg7 Nxf5 44. Nxf5 Qxf5 45. Rxf7 Rxf7 46. Qg8+ Kc7 47. Qxf7+ Kd8 48. Qg8+ Kc7 49. Qg3+ Kb7 50. Bd1 Qf1 51. Bg4 f5 52. Bh5 f4 53. Qg7+ Kb8 54. Qe5+ Kb7 55. Qxd5+ Kc7 56. Qe5+ Kd8 57. Qd6+ Kc8 58. Bg4+ Kb7 59. Qc6+ Kb8 60. Qc8# 1-0

[Event "RUS-chT Blitz"]
[Site "Sochi"]
[Date "2024.10.17"]
[Round "4.4"]
[White "Faizrakhmanov, Ramil"]
[Black "Zarubitski, Viachaslau"]
[Result "1/2-1/2"]
[WhiteElo "2424"]
[BlackElo "2389"]
[PlyCount "97"]
[EventDate "2024.10.17"]
[EventType "team-swiss (blitz)"]
[EventRounds "11"]
[EventCountry "RUS"]
[SourceTitle "CB43_2024"]
[Source "Chessbase"]
[SourceDate "2024.10.23"]
[SourceVersion "1"]
[SourceVersionDate "2024.10.23"]
[SourceQuality "1"]
[WhiteTeam "Tatarstan"]
[BlackTeam "Belarus"]
[WhiteTeamCountry "RUS"]
[BlackTeamCountry "BLR"]

1. e4 e6 2. d4 d5 3. exd5 exd5 4. Nf3 Nf6 5. Bd3 Bd6 6. 0-0 0-0 7. h3 h6 8. Re1 Re8 9. Nc3 Rxe1+ 10. Qxe1 a6 11. Ne5 c5 12. dxc5 Bxc5 13. Bf4 Nc6 14. Rd1 Be6 15. a3 Bd4 16. Nxc6 bxc6 17. Be5 Bxe5 18. Qxe5 a5 19. Na4 Qb8 20. Qc3 Qc7 21. Nc5 Nd7 22. Nxe6 fxe6 23. Re1 Qd6 24. Qd2 e5 25. Bf5 Nf6 26. Qc3 e4 27. Rd1 Kf7 28. Qd4 Qf4 29. Qb6 Re8 30. Qb7+ Kg8 31. Bd7 Nxd7 32. Qxd7 Rf8 33. Rf1 Rf6 34. Qd8+ Kh7 35. Qxa5 e3 36. Qe1 exf2+ 37. Rxf2 Qd4 38. Qe2 Rxf2 39. Qxf2 Qxb2 40. Qf5+ Kh8 41. Qc8+ Kh7 42. Qxc6 Qd4+ 43. Kf1 Qf4+ 44. Ke2 Qe4+ 45. Kf2 Qf4+ 46. Kg1 Qe3+ 47. Kf1 Qf4+ 48. Kg1 Qe3+ 49. Kf1 1/2-1/2

[Event "RUS-chT Blitz"]
[Site "Sochi"]
[Date "2024.10.17"]
[Round "9.4"]
[White "Makarian, Rudik"]
[Black "Faizrakhmanov, Ramil"]
[Result "1/2-1/2"]
[WhiteElo "2550"]
[BlackElo "2424"]
[PlyCount "98"]
[EventDate "2024.10.17"]
[EventType "team-swiss (blitz)"]
[EventRounds "11"]
[EventCountry "RUS"]
[SourceTitle "CB43_2024"]
[Source "Chessbase"]
[SourceDate "2024.10.23"]
[SourceVersion "1"]
[SourceVersionDate "2024.10.23"]
[SourceQuality "1"]
[WhiteTeam "Moscow Park Tauer"]
[BlackTeam "Tatarstan"]
[WhiteTeamCountry "RUS"]
[BlackTeamCountry "RUS"]

1. c4 e5 2. Nc3 Nf6 3. Nf3 Nc6 4. e3 Bb4 5. Qc2 Bxc3 6. Qxc3 Qe7 7. a3 d5 8. cxd5 Nxd5 9. Qb3 Nb6 10. Qc2 a5 11. b3 0-0 12. Bb2 Bg4 13. Be2 e4 14. Ng1 Bxe2 15. Nxe2 Rad8 16. 0-0 Rd7 17. Ng3 f5 18. f3 Qd6 19. Bc3 Qd3 20. Rac1 Qxc2 21. Rxc2 exf3 22. Rxf3 g6 23. b4 axb4 24. axb4 Nd5 25. e4 Ncxb4 26. Bxb4 Nxb4 27. Rb2 c5 28. exf5 Rdf7 29. d4 b6 30. dxc5 bxc5 31. Rbf2 gxf5 32. Nxf5 Kh8 33. g4 Nc6 34. h3 h5 35. Rc3 Nd4 36. Rxc5 hxg4 37. hxg4 Nxf5 38. gxf5 Kg7 39. Kg2 Kf6 40. Rc6+ Kg7 41. Rg6+ Kh7 42. Rg5 Kh6 43. Rg6+ Kh7 44. Rg5 Kh6 45. Rg3 Rxf5 46. Rh3+ Kg6 47. Rg3+ Kh6 48. Re2 Rg5 49. Rxg5 Kxg5 1/2-1/2

[Event "RUS-ch Blitz"]
[Site "Sochi"]
[Date "2024.10.14"]
[Round "8"]
[White "Drygalov, Sergey"]
[Black "Faizrakhmanov, Ramil"]
[Result "1-0"]
[WhiteElo "2542"]
[BlackElo "2424"]
[PlyCount "83"]
[EventDate "2024.10.14"]
[EventType "swiss (blitz)"]
[EventRounds "13"]
[EventCountry "RUS"]
[SourceTitle "CB43_2024"]
[Source "Chessbase"]
[SourceDate "2024.10.23"]
[SourceVersion "1"]
[SourceVersionDate "2024.10.23"]
[SourceQuality "1"]

1. d4 Nf6 2. c4 e6 3. Nf3 d5 4. Nc3 Bb4 5. Qa4+ Nc6 6. e3 0-0 7. Qc2 dxc4 8. Bxc4 Bd6 9. 0-0 a6 10. a3 e5 11. h3 h6 12. Rd1 Bd7 13. b4 Qc8 14. d5 Ne7 15. e4 Ng6 16. Bf1 c6 17. dxc6 Qxc6 18. Be3 Rac8 19. Rac1 Be6 20. Qb1 Bb8 21. Nd5 Bxd5 22. Rxc6 Bxc6 23. Nd2 Rfd8 24. f3 Nh5 25. Nc4 Bc7 26. Rxd8+ Rxd8 27. Na5 Bxa5 28. bxa5 Ng3 29. Bc4 Nf4 30. Kf2 Ngh5 31. Qb3 Rd7 32. Qc3 Ng6 33. Bxa6 Kh7 34. Bf1 Ba4 35. Qb4 Bc6 36. a6 bxa6 37. Bxa6 Nhf4 38. Qc3 Rd6 39. Bf1 h5 40. Qc5 Rf6 41. g3 Ne6 42. Qxc6 1-0

[Event "Moscow Ivi GP"]
[Site "Moscow"]
[Date "2024.10.11"]
[Round "9"]
[White "Ponkratov, Pavel"]
[Black "Faizrakhmanov, Ramil"]
[Result "1-0"]
[WhiteElo "2564"]
[BlackElo "2424"]
[PlyCount "127"]
[EventDate "2024.10.05"]
[EventType "swiss"]
[EventRounds "10"]
[EventCountry "RUS"]
[SourceTitle "CB45_2024"]
[Source "ChessBase"]
[SourceDate "2024.11.06"]
[SourceVersion "1"]
[SourceVersionDate "2024.11.06"]
[SourceQuality "1"]

1. Nf3 d5 2. g3 c6 3. Bg2 Bg4 4. h3 Bh5 5. 0-0 e6 6. d3 Bd6 7. e4 Ne7 8. exd5 cxd5 9. c4 0-0 10. Nc3 Nbc6 11. cxd5 Nxd5 12. Nxd5 exd5 13. Qb3 Bc5 14. Qxb7 Nb4 15. Qb5 Rc8 16. d4 Qb6 17. Qxb6 Bxb6 18. Be3 Nc2 19. Rad1 Rfe8 20. Rd3 Bg6 21. Rb3 Be4 22. Rd1 Nxe3 23. Rxe3 f6 24. b3 Kf8 25. Ne1 Bxg2 26. Nxg2 Re4 27. Nf4 Rc2 28. a4 Kf7 29. Red3 Ba5 30. Kf1 Re8 31. Nxd5 Ree2 32. Rf3 Red2 33. Rxd2 Rxd2 34. Rf5 Bd8 35. Nb4 Bb6 36. Nc6 Ke6 37. Rf3 Kd6 38. Rc3 a5 39. Ke1 Rb2 40. h4 g6 41. Kf1 Kd5 42. Kg2 Kd6 43. Kf3 h5 44. Ke3 Rb1 45. Ke2 Rb2+ 46. Kf3 g5 47. Ke3 Rb1 48. Ke4 gxh4 49. gxh4 Rh1 50. f4 Rxh4 51. Nb8 Ke7 52. Rc6 Bd8 53. Kf5 Rh3 54. Re6+ Kf7 55. Nc6 Bb6 56. Re7+ Kg8 57. Rb7 Rxb3 58. Kg6 Rg3+ 59. Kxf6 Rb3 60. Kg6 Rg3+ 61. Kxh5 Rb3 62. Kg6 Rg3+ 63. Kf5 Rb3 64. d5 1-0